Metal and Hardrock albums of 1981 - Statistics

General Stats
  • This quiz has been taken 117 times
  • The average score is 22 of 56
Answer Stats
Hint Answer % Correct
1 For Those About To Rock We Salute You AC/DC
97%
10 Diary Of A Madman Ozzy Osbourne
92%
20 Mob Rules Black Sabbath
90%
27 Killers Iron Maiden
90%
19 High 'n' Dry Def Leppard
85%
39 Flash Gordon Queen
79%
6 Point Of Entry Judas Priest
74%
22 Too Fast For Love Mötley Crüe
69%
31 No Sleep 'till Hammersmith Motörhead
67%
18 Denim And Leather Saxon
67%
51 (Music From) The Elder Kiss
62%
5 MSG Michael Schenker Group
59%
44 Moving Pictures Rush
59%
15 Bangkok Shocks, Saigon Shakes, Hanoi Rocks Hanoi Rocks
56%
29 Difficult To Cure Rainbow
56%
53 Welcome To Hell Venom
56%
46 Fair Warning Van Halen
51%
11 Breaker Accept
49%
52 Kix Kix
49%
56 Come An' Get It Whitesnake
46%
3 Fire Of Unknown Origin Blue Öyster Cult
44%
24 The Rods The Rods
44%
14 Fire Down Under Riot
38%
45 Renegade Thin Lizzy
38%
17 Allied Forces Triumph
38%
49 Special Forces Alice Cooper
36%
4 Night Of The Demon Demon
36%
42 Intensities In 10 Cities Ted Nugent
36%
7 Bad Reputation Joan Jett
33%
9 Rock Until You Drop Raven
33%
21 Hard 'N' Heavy Anvil
31%
16 Spellbound; Crazy Nights Tygers Of Pan Tang
31%
37 Wild-Eyed Southern Boys 38 Special
28%
28 Hit And Run Girlschool
28%
23 Picture; Heavy Metal Ears Picture
26%
48 Shock Tactics Samson
26%
50 Marauder Blackfoot
23%
32 The Nature Of The Beast April Wine
21%
40 Precious Time Pat Benatar
21%
43 Time Tells No Lies Praying Mantis
21%
8 Standing Hampton Sammy Hagar
21%
36 The Wild, The Willing And The Innocent UFO
21%
38 Future Shock; Double Trouble Gillan
18%
54 The Birthday Eve Loudness
18%
41 Larga Vida Al Rock And Roll Baròn Rojo
15%
13 Nightflight Budgie
15%
25 Metal Conquest (EP) Heavy Load
15%
47 The Nightcomers Holocaust
15%
26 Ladykiller Killer
15%
2 Warhead More
13%
34 Assault & Battery Rose Tattoo
13%
55 Earthshaker Y & T
13%
33 Line Up Graham Bonnet
10%
35 White Lace & Black Leather Helix
10%
12 Iron Age Mother's Finest
3%
30 Preparate Obus
3%
No matching quizzes found
Score Distribution
Percent of People with Each Score
Percentile by Number Answered
Your Score History
You have not taken this quiz